| 000 | 01863nam2a2200349 4500 | ||
|---|---|---|---|
| 001 | RU\NLR\bibl\391097 | ||
| 005 | 20260407083740.0 | ||
| 010 |
_a5-86465-260-1 _9150 |
||
| 021 |
_aRU _b2003-15514 _9722 |
||
| 035 | _a(NLR Aleph) 000385395 | ||
| 090 |
_a481928 _c481928 |
||
| 100 | _a20030417d2003 |||y0rusy50 ca | ||
| 101 | 0 | _arus | |
| 102 | _aRU | ||
| 105 | _ay ||||||||| | ||
| 200 | 1 |
_aМатериалы VIII Всероссийской конференции молодых историков г. Самара 6-7 декабря 2002 г. _f[Редкол.: д.ист.н., проф. П.С. Кабытов (отв. ред.) и др.] |
|
| 210 |
_d2003 _aБ. м. |
||
| 215 | _a232 с. | ||
| 300 | _aВ надзаг.: ... С.-Петерб. ин-т истории Рос. акад. наук | ||
| 320 | _aБиблиогр. в примеч. в конце докл. | ||
| 461 | 0 |
_1001RU\NLR\bibl\81566 _12001#$aПлатоновские чтения$v[Вып. 5] _9442911 _cСамара _d1999 _fРедкол.: д.ист.н., проф. П.И. Савельев (отв. ред.) и др.] _nСамар. ун-т _o[Сб. науч. тр. _tПлатоновские чтения _v[Вып. 5] |
|
| 607 |
_aСССР _jСъезды, совещания и т.п. _xИстория _9912491 _3RU\NLR\auth\6613829 |
||
| 607 |
_aРоссия _jСъезды, совещания и т.п. _xИстория _91554184 _3RU\NLR\auth\66979780 |
||
| 686 | _aТ3(2)я431 | ||
| 702 | 1 |
_4070 _8rus _7ca _aКабытов _bП. С. _f1941- _gПетр Серафимович _3RU\NLR\auth\776166 _9116121 |
|
| 711 | 1 | 2 |
_aВсероссийская конференция молодых историков _d8 _f2002 _eСамара _3RU\NLR\AUTH\8810044676 _9588766 |
| 801 | 0 |
_aRU _bNLR _c20030417 _gPSBO |
|
| 801 | 1 |
_aRU _bNLR _c20030417 |
|
| 942 | _cBOOK | ||
| 980 | _aNB | ||